000 00561nam a2200181Ia 4500
008 220216s9999 xx 000 0 und d
100 _aMatos Rosa Maria Barbosa
245 0 _aArbuscular mycorrhizal and organic matter on the acclimatization of banan-tree seedlings, CV. Nanicao
260 _bBragantia
_c2002
300 _a277-283
650 _aArbuscular mychorrhizal fungi
650 _aGlomus clarum
650 _aMicropropagation
650 _aMusa spp
700 _aBrasil Felipe Da Costa
700 _aSilva Eliane Maria Ribeiro Da
942 _cJS
999 _c54472
_d54472